000 00603 a2200169 4500
003 Nust
005 20170207153455.0
040 _cNust
082 _a915.4
100 _aCarpenter, Mary
245 _aSix Month in India
_cMary Carpenter
260 _aLondon
_bLongman
_c1868
300 _a298; pages.
505 _aThe Outward Voyage (Page-5) Ahmadabad and Institutions (Page-39) Seurat, Mom bay and Poona (Page-83) Madras (Page-127) Calcutta (Page-164) The Suburbs of Calcutta (Page-223) Farewell to Calcutta –Madras – Calicut (Page-271)
538 _aAlmirah No.60 Shelf No.1
650 _aGeography
942 _2ddc
_cBK
999 _c187073
_d187073